Exploring English grammar/ (Record no. 166717)

MARC details
000 -LEADER
fixed length control field 00616nam a22002177a 4500
005 - DATE AND TIME OF LATEST TRANSACTION
control field 20190906184313.0
008 - FIXED-LENGTH DATA ELEMENTS--GENERAL INFORMATION
fixed length control field 190806b ||||| |||| 00| 0 eng d
010 ## - LCCN (DPL NO)
LC control number B-158766
020 ## - INTERNATIONAL STANDARD BOOK NUMBER
Terms of availability 395.00
035 ## - SYSTEM CONTROL NUMBER
System control number B-158766
037 ## - SOURCE OF ACQUISITION
Source of stock number/acquisition BPPD/PUB
040 ## - CATALOGING SOURCE
Original cataloging agency dpl
Language of cataloging eng
050 ## - LIBRARY OF CONGRESS CALL NUMBER
DPL Classification number 485
082 ## - DEWEY DECIMAL CLASSIFICATION NUMBER
Classification number 485
100 ## - MAIN ENTRY--PERSONAL NAME
Personal name Kleiser, Grenville
245 ## - TITLE STATEMENT
Title Exploring English grammar/
Statement of responsibility, etc by Grenville Kleiser
260 ## - PUBLICATION, DISTRIBUTION, ETC. (IMPRINT)
Place of publication, distribution, etc New Delhi
Name of publisher, distributor, etc A P H Publishing
Date of publication, distribution, etc 2004
270 ## - ADDRESS
Address 5, Ansari Road, Darya Ganj,
City New Delhi
Postal code 110002
Telephone number 011-23274050
300 ## - PHYSICAL DESCRIPTION
Extent 203p
Dimensions 22cm(hb)
942 ## - ADDED ENTRY ELEMENTS (KOHA)
Source of classification or shelving scheme Dewey Decimal Classification
Item type English Books
Classification part 485
Call number suffix KLE
Holdings
Withdrawn status Lost status Source of classification or shelving scheme Damaged status Not for loan Collection code Home library Current library Date acquired Source of acquisition Cost, normal purchase price Total Checkouts Full call number Barcode Date last seen Copy number Cost, replacement price Koha item type
    Dewey Decimal Classification     Non-fiction R.K.Puram-8 R.K.Puram-8 06/08/2019 BPPD/Purchase 395.00 1 485 KLE B-158766 26/08/2019 1 395.00 English Books

© Delhi Public Library
Hit Counter
free hit counter